<?xml version="1.0" encoding="UTF-8"?>
<record
    xmlns:xsi="http://www.w3.org/2001/XMLSchema-instance"
    xsi:schemaLocation="http://www.loc.gov/MARC21/slim http://www.loc.gov/standards/marcxml/schema/MARC21slim.xsd"
    xmlns="http://www.loc.gov/MARC21/slim">

  <leader>01004nab a2200277 uc4500</leader>
  <controlfield tag="001">763656</controlfield>
  <controlfield tag="005">20250213090816.0</controlfield>
  <controlfield tag="008">020726e20001001                    spa  </controlfield>
  <datafield tag="035" ind1=" " ind2=" ">
    <subfield code="a">763656</subfield>
  </datafield>
  <datafield tag="035" ind1=" " ind2=" ">
    <subfield code="a">(OCoLC)819982474</subfield>
  </datafield>
  <datafield tag="040" ind1=" " ind2=" ">
    <subfield code="c">comduadb</subfield>
  </datafield>
  <datafield tag="041" ind1=" " ind2=" ">
    <subfield code="a">spa</subfield>
  </datafield>
  <datafield tag="100" ind1="1" ind2="0">
    <subfield code="a">Correia de Campos, Antonio</subfield>
    <subfield code="4">aut</subfield>
    <subfield code="e">aut</subfield>
    <subfield code="9">359306</subfield>
  </datafield>
  <datafield tag="245" ind1="1" ind2="0">
    <subfield code="a">Reformas de la seguridad social en Europa. La contribucion de las experiencias de America Latina</subfield>
  </datafield>
  <datafield tag="650" ind1=" " ind2=" ">
    <subfield code="a">Reforma a la seguridad social - Europa</subfield>
    <subfield code="9">101789</subfield>
  </datafield>
  <datafield tag="650" ind1=" " ind2=" ">
    <subfield code="a">Sostenibilidad financiera</subfield>
    <subfield code="9">83551</subfield>
  </datafield>
  <datafield tag="650" ind1=" " ind2=" ">
    <subfield code="a">Equidad (Derecho)</subfield>
    <subfield code="9">18543</subfield>
  </datafield>
  <datafield tag="650" ind1=" " ind2=" ">
    <subfield code="a">Protecci&#xF3;n social</subfield>
    <subfield code="9">75490</subfield>
  </datafield>
  <datafield tag="650" ind1=" " ind2=" ">
    <subfield code="a">Pensiones - Europa</subfield>
    <subfield code="9">93410</subfield>
  </datafield>
  <datafield tag="650" ind1=" " ind2=" ">
    <subfield code="a">Seguridad social - Europa</subfield>
    <subfield code="9">93409</subfield>
  </datafield>
  <datafield tag="650" ind1=" " ind2=" ">
    <subfield code="a">Jubilaci&#xF3;n</subfield>
    <subfield code="9">324</subfield>
  </datafield>
  <datafield tag="650" ind1=" " ind2="7">
    <subfield code="a">Sistemas de seguridad</subfield>
    <subfield code="2">lemb</subfield>
    <subfield code="9">20907</subfield>
  </datafield>
  <datafield tag="650" ind1=" " ind2=" ">
    <subfield code="a">Seguridad social - Am&#xE9;rica Latina</subfield>
    <subfield code="9">164575</subfield>
  </datafield>
  <datafield tag="773" ind1="0" ind2=" ">
    <subfield code="t">Revista del CLAD Reforma y Democracia (Caracas)</subfield>
    <subfield code="g">No. 18, Oct. 2000, p. 97-130</subfield>
    <subfield code="w">180162</subfield>
    <subfield code="x">1315-2378</subfield>
    <subfield code="0">84119</subfield>
  </datafield>
  <datafield tag="942" ind1=" " ind2=" ">
    <subfield code="c">ARIMP</subfield>
  </datafield>
  <datafield tag="999" ind1=" " ind2=" ">
    <subfield code="c">251530</subfield>
    <subfield code="d">251530</subfield>
  </datafield>
</record>
